| 000 | 00844cam a2200157 4500500 | ||
|---|---|---|---|
| 005 | 20260329014805.0 | ||
| 041 | _afre | ||
| 042 | _adc | ||
| 100 | 1 | 0 |
_aDaudin, Claire _eauthor |
| 245 | 0 | 0 | _aEdith Bruck, Contrechamp. Traducido del italiano por René de Ceccatty. Seuil, 2025, 144 páginas, 18 €. Les dissonances. Prefacio y traducción del italiano por René de Ceccatty (edición bilingüe). Rivages, «Bibliothèque Rivages», 2025, 156 páginas, 17 €. |
| 260 | _c2025. | ||
| 500 | _a77 | ||
| 520 | _aArtemisia, expuesta en el Museo Jacquemart-André, es un retrato de aquellas mujeres que se rebelan contra la violencia masculina, haciéndose eco de su propia historia. | ||
| 786 | 0 | _nÉtudes | Jui | 6 | 2025-05-21 | p. 122-123 | |
| 856 | 4 | 1 | _uhttps://shs.cairn.info/revista-etudes-2025-6-page-122?lang=es&redirect-ssocas=7080 |
| 999 |
_c1892080 _d1892080 |
||